000 01317nam a2200301 c 4500
003 BLK
005 20180422113332.0
008 180410b bul|||||r ||||||| ||bul||
010 _aKNG00161696000
040 _aBLK
041 _aBUL
_cBUL
080 _aРуска литература
_b821.161.1
_x-31
_z821.161.1-31
100 1 _aБубьонов, Михаил Семьонович
_eпърви автор
_943627
700 1 _aСветлинов, Борис
_eпрев. на том
_gСтефанов, Борис Илиев
_9367516
139 _aБубьонов, Михаил Семьонович
_bБ 84
245 1 0 _aБялата бреза
_bРоман : Кн. 1 -
_cМихаил Семьонович Бубьонов; прев. на том Борис Светлинов.
_nКн. 1
257 _aSUN
260 София
_bБКП
_c1949 -
300 _c20 см
380 _aX
500 _aКн. получила Сталинска награда за 1947 г.
760 1 _aБубьонов, Михаил Семьонович
_d1949
_h360 с.
_n10 000 тир.
_tКн. 1
852 _aЦб 8.200.33940
856 4 _qpdf
_u
856 4 _qpdf
_u
942 _cKNG
_n0
944 _aCR
_c05.06.2014
_l05.06.2014 - от С1,Р / 05.06.2014
_kГеновева_Генчева
944 _aED
_c05.06.2014
_l05.06.2014 - от С1,Р / 05.06.2014
_k
999 _c155041
_d155041